LEADER 01064nam a2200265 i 4500 001 991003465759707536 008 020 $a9788891753571 035 $ab14337812-39ule_inst 040 $aDip.to di Storia, Società e Studi sull'Uomo$bita 082 04$a973.3 100 1 $aIurlano, Giuliana$0538827 245 13$aLa nascita degli Stati Uniti D'America :$bdichiarazione d'indipendenza ed esordio sulla scena internazionale /\cGiuliana Iurlano, Antonio Donno 260 $aMilano :$bFranco Angeli, $c2017 300 $a383 p. 23 cm 490 0 $aTemi di Storia ;$v244 500 $aNumero di collana sul dorso 651 4$aStati Uniti d'America$xStoria$y1776-1815 700 1 $aDonno, Antonio 907 $a.b14337812$b27-04-18$c27-02-18 912 $a991003465759707536 945 $aLE023 973.3 IUR 1 1$g1$i2023000174371$lle023$og$pE46.00$q-$rl$s- $t0$u0$v0$w0$x0$y.i15843087$z10-04-18 996 $aNascita degli Stati Uniti D'America$91748510 997 $aUNISALENTO 998 $ale023$b27-02-18$cm$da $e-$fita$git $h3$i0 LEADER 01875oas 2200589 a 450 001 9910693469503321 005 20251106213014.0 011 $a2150-0509 035 $a(OCoLC)314428037 035 $a(CONSER) 2009230714 035 $a(CKB)1000000000760135 035 $a(EXLCZ)991000000000760135 100 $a20090312a20079999 ua a 101 0 $aeng 135 $aur||||||||||| 181 $ctxt$2rdacontent 182 $cc$2rdamedia 183 $acr$2rdacarrier 200 00$aDevelop and improve strategies for management of irrigated agricultural crops and soils ... annual report 210 $aWashington, D.C. $cU.S. Dept. of Agriculture, Agricultural Research Service 215 $cHTML files 606 $aIrrigation farming$zUnited States$vPeriodicals 606 $aSoil management$zUnited States$vPeriodicals 606 $aIrrigation farming$2fast$3(OCoLC)fst00979613 606 $aSoil management$2fast$3(OCoLC)fst01124446 607 $aUnited States$2fast$1https://id.oclc.org/worldcat/entity/E39PBJtxgQXMWqmjMjjwXRHgrq 608 $aPeriodicals.$2fast 608 $aPeriodicals.$2lcgft 615 0$aIrrigation farming 615 0$aSoil management 615 7$aIrrigation farming. 615 7$aSoil management. 676 $a228 712 02$aSoil Resource Management National Program (U.S.) 712 02$aUnited States.$bAgricultural Research Service. 801 0$bGPO 801 1$bGPO 801 2$bDLC 801 2$bGPO 801 2$bOCLCQ 801 2$bOCLCF 801 2$bOCLCQ 801 2$bOCLCA 801 2$bGILDS 801 2$bOCLCO 801 2$bOCLCQ 801 2$bOCLCL 801 2$bOCLCQ 906 $aJOURNAL 912 $a9910693469503321 996 $aDevelop and improve strategies for management of irrigated agricultural crops and soils ... annual report$93116001 997 $aUNINA